000 00263nam a22001097a 4500
999 _c167260
_d167260
082 _a
_b
245 _aEncyclopaedia of teaching of social studies/
_cby Vashist S R (ed.).
260 _aNew Delhi:
_bAnmol,
_c1993.
300 _a331p.
650 _a
942 _cBK